00828nam a2200217 a 450000100100000000500170001000800410002704000250006808200200009310000310011324500890014426000360023330000200026950000630028959000260035265000290037865000310040791000370043895201180047599900170059300001280820240412074235.0091117s1999 dr 000 f spa d aDO-SdBNPbspacBNPHU aRD863.44bM828d1 aMorales, J. Rolando92961610aDesdeñosa y amarillenta :bhistoria de una vida acuartelada /cJ. Rolando Morales. aSanto Domingo :bBúho,c1999. a66 p. ;c21 cm. aIncluye datos biográficos del autor en la contracubierta aInventariado, 2020/BT 4aCuento dominicano926903 0aLiteratura dominicana.967 aValidado. Control de calidad MFF 0010718PDaPDbPDcHDd2009-11-17iLF1l0oRD863.44 M828dp12808-10r2020-06-25w2020-06-25yLFPDZNo se presta c12458d12458